书目信息 |
| 题名: |
爱的事业
|
|
| 作者: | 赵翠云 , 刘津 , 赵成志 , 张晓彩 主编 | |
| 分册: | ||
| 出版信息: | 天津 天津大学出版社 2021.6 |
|
| 页数: | 349页 | |
| 开本: | 26cm | |
| 丛书名: | ||
| 单 册: | ||
| 中图分类: | G627.8-53 , R175-53 , G632.0-5 , G612-53 | |
| 科图分类: | ||
| 主题词: | 小学--学校卫生--卫生管理--文集 , 幼儿园--卫生管理--文集 , 基础教育--教学研究--文集 , 学前教育--教学研究--文集 | |
| 电子资源: | ||
| ISBN: | 978-7-5618-6981-9 | |
| 000 | 01449nam0 2200361 45 | |
| 001 | 012001000899 | |
| 005 | 20141202092703.0 | |
| 010 | @a978-7-5618-6981-9@dCNY78.00 | |
| 100 | @a20220905d2021 em y0chiy50 ea | |
| 101 | 0 | @achi |
| 102 | @aCN@b120000 | |
| 105 | @aa z 000yy | |
| 106 | @ar | |
| 200 | 1 | @a爱的事业@Aai de shi ye@e天津大学小幼医工作部及合作共建单位工作实践案例及优秀教学成果汇编@f赵翠云[等]主编 |
| 210 | @a天津@c天津大学出版社@d2021.6 | |
| 215 | @a349页@c图,照片@d26cm | |
| 304 | @a题名页题其余责任者:刘津, 赵成志, 张晓彩 | |
| 330 | @a《爱的事业》一书汇集了“十三五”期间小幼医工作部、附小、幼儿园、校医院及合作共建单位的优秀论文、结题报告及成功教学案例,集中展示了各部门有代表性的教育教学成果。 | |
| 517 | 1 | @a天津大学小幼医工作部及合作共建单位工作实践案例及优秀教学成果汇编@Atian jin da xue xiao you yi gong zuo bu ji he zuo gong jian dan wei gong zuo shi jian an li ji you xiu jiao xue cheng guo hui bian |
| 606 | 0 | @a小学@x学校卫生@x卫生管理@j文集 |
| 606 | 0 | @a幼儿园@x卫生管理@j文集 |
| 606 | 0 | @a基础教育@x教学研究@j文集 |
| 606 | 0 | @a学前教育@x教学研究@j文集 |
| 690 | @aG627.8-53@v5 | |
| 690 | @aR175-53@v5 | |
| 690 | @aG632.0-5@v5 | |
| 690 | @aG612-53@v5 | |
| 701 | 0 | @a赵翠云@Azhao cui yun@4主编 |
| 701 | 0 | @a刘津@Aliu jin@4主编 |
| 701 | 0 | @a赵成志@Azhao cheng zhi@4主编 |
| 701 | 0 | @a张晓彩@Azhang xiao cai@4主编 |
| 801 | 0 | @aCN@bAHXH@c20221111 |
| 905 | @b1370153-7@dG627.8-53@e2735@f5 | |
| 爱的事业:天津大学小幼医工作部及合作共建单位工作实践案例及优秀教学成果汇编/赵翠云[等]主编.-天津:天津大学出版社,2021.6 |
| 349页:图,照片;26cm |
| ISBN 978-7-5618-6981-9:CNY78.00 |
| 《爱的事业》一书汇集了“十三五”期间小幼医工作部、附小、幼儿园、校医院及合作共建单位的优秀论文、结题报告及成功教学案例,集中展示了各部门有代表性的教育教学成果。 |
| ● |
| 相关链接 |
|
|
|
|
正题名:爱的事业
索取号:G627.8-53/2735
 
预约/预借
| 序号 | 登录号 | 条形码 | 馆藏地/架位号 | 状态 | 备注 |
| 1 | 1370153 | 213701537 | 第一样本阅览室/ [索取号:G627.8-53/2735] | 在馆 | |
| 2 | 1370154 | 213701546 | 教育系资料室/ [索取号:G627.8-53/2735] | 在馆 | |
| 3 | 1370155 | 213701555 | 教育系资料室/ [索取号:G627.8-53/2735] | 在馆 | |
| 4 | 1370156 | 213701564 | 第四借阅区/ [索取号:G627.8-53/2735] | 在馆 | |
| 5 | 1370157 | 213701573 | 第四借阅区/ [索取号:G627.8-53/2735] | 在馆 |